<?xml version="1.0" encoding="UTF-8"?><OAI-PMH xmlns="http://www.openarchives.org/OAI/2.0/" xmlns:xsi="http://www.w3.org/2001/XMLSchema-instance"     xsi:schemaLocation="http://www.openarchives.org/OAI/2.0/ http://www.openarchives.org/OAI/2.0/OAI-PMH.xsd"><responseDate>2026-05-16T16:08:54Z</responseDate><request verb="GetRecord" identifier="oai:regmurcia.com:fintegr.1906" metadataPrefix="marc21">http://oai.regmurcia.com/oai2/oai2.php</request><GetRecord><record><header><identifier>oai:regmurcia.com:fintegr.1906</identifier><datestamp>2026-05-16</datestamp><setSpec>documentos</setSpec></header><metadata><record  xmlns="http://www.loc.gov/MARC21/slim" xmlns:xsi="http://www.w3.org/2001/XMLSchema-instance" xsi:schemaLocation="http://www.loc.gov/MARC21/slim http://www.loc.gov/standards/marcxml/schema/MARC21slim.xsd" type="Bibliographic"><leader>00000nam a2200000   4500</leader><controlfield tag="001" >005074537</controlfield><controlfield tag="003" >1906</controlfield><controlfield tag="004" >A00000000</controlfield><datafield tag="245" ind1=" " ind2=" "><subfield code="a">Carta del concejo de Hellín a Alfonso de Palazol, pidiéndole buscar alguna escritura que testimonie la hermandad existente entre Murcia y Hellín.</subfield></datafield><datafield tag="300" ind1=" " ind2=" "><subfield code="c">216 x 220 mm.</subfield></datafield><datafield tag="351" ind1=" " ind2=" "><subfield code="a">Unidad Documental simple</subfield><subfield code="c">Archivo de Murcia. Array</subfield><subfield code="a">Unidad Documental simple</subfield><subfield code="c">Archivo de Murcia. Array</subfield></datafield><datafield tag="351" ind1=" " ind2=" "><subfield code="b">Nº 16</subfield></datafield><datafield tag="506" ind1=" " ind2=" "><subfield code="a">Acceso restringido</subfield></datafield><datafield tag="520" ind1=" " ind2=" "><subfield code="a">El concejo de Hellín se dirige a Alfonso de Palazol, escribano del concejo de Murcia, para comunicarle que los vecinos de Hellín que acuden a Murcia están siendo obligados a pagar sisa, lo cual contraviene la hermandad que de antiguo une a ambas poblaciones. Solicita busque en el archivo del concejo alguna escritura que testimonie dicha hermandad y la exención de los vecinos de Hellín de pagar dicho impuesto, y se la entregue al procurador de la villa para que pueda negociar este asunto. Fechado el 28 de mayo.</subfield></datafield><datafield tag="583" ind1=" " ind2=" "><subfield code="u">http://www.regmurcia.com/servlet/s.Sl?METHOD=VERDOCUMENTO&amp;sit=serv,Carmesi&amp;n=/01/1678/indice.djvu</subfield></datafield><datafield tag="592" ind1=" " ind2=" "><subfield code="a">1500 (probable)</subfield></datafield><datafield tag="592" ind1=" " ind2=" "><subfield code="d">1500-12-31 00:00:00</subfield></datafield><datafield tag="651" ind1=" " ind2=" "><subfield code="a">Hellín</subfield></datafield><datafield tag="786" ind1=" " ind2=" "><subfield code="o">http://www.regmurcia.com/servlet/s.Sl?METHOD=VERDOCUMENTO&amp;sit=serv,Carmesi&amp;n=/01/1678/indice.djvu</subfield></datafield><datafield tag="856" ind1=" " ind2=" "><subfield code="u">http://www.regmurcia.com/servlet/s.Sl?METHOD=DETALLE&amp;sit=c,373,m,139,serv,Carmesi&amp;id=1906</subfield></datafield></record></metadata></record></GetRecord></OAI-PMH>
